Market retains strength but cracks showing (Record no. 71837)

MARC details
000 -LEADER
fixed length control field 01107cam a2200229 4500
001 - CONTROL NUMBER
control field WB3847-33
008 - FIXED-LENGTH DATA ELEMENTS--GENERAL INFORMATION
fixed length control field 021220n2002 000 0 eng u
035 ## - SYSTEM CONTROL NUMBER
System control number (Sirsi) u120861
245 ## - TITLE STATEMENT
Title Market retains strength but cracks showing
260 ## - PUBLICATION, DISTRIBUTION, ETC.
Date of publication, distribution, etc. 2002
490 ## - SERIES STATEMENT
Series statement Farmland Market
Volume/sequential designation 137(25) 20 December 2002, 64(1)
520 ## - SUMMARY, ETC.
Summary, etc. Examines how the farmland market has performed across the UK in 2002. Land values seem to have remained stable but this is due to the continued lack of supply. RICS said that whole farm values actually rose £60/acre to £3157/acre over Q3. FPDSavills figures show that total availability in England at 146 000 acres was up 60% on 2001 when foot and mouth restricted sales to 91 000, but down by 22% on the average volume launched anually between 1998-2000. Graphs.
590 ## - LOCAL NOTE (RLIN)
Local note WB
650 ## - SUBJECT ADDED ENTRY--TOPICAL TERM
Topical term or geographic name entry element FARMLAND MARKET
650 ## - SUBJECT ADDED ENTRY--TOPICAL TERM
Topical term or geographic name entry element LAND VALUES
650 ## - SUBJECT ADDED ENTRY--TOPICAL TERM
Topical term or geographic name entry element SUPPLY
650 ## - SUBJECT ADDED ENTRY--TOPICAL TERM
Topical term or geographic name entry element AVAILABILITY
650 ## - SUBJECT ADDED ENTRY--TOPICAL TERM
Topical term or geographic name entry element PROPERTY-RURAL AND NATURAL ASSETS-AGRICULTURAL PROPERTY-AGRICULTURAL LAND-ARABLE LAND
650 ## - SUBJECT ADDED ENTRY--TOPICAL TERM
Topical term or geographic name entry element FOOT-AND-MOUTH DISEASE
690 ## - LOCAL SUBJECT ADDED ENTRY--TOPICAL TERM (OCLC, RLIN)
Topical term or geographic name as entry element Rural
9 (RLIN) 6268
942 ## - ADDED ENTRY ELEMENTS (KOHA)
Suppress in OPAC 0
Holdings
Withdrawn status Lost status Source of classification or shelving scheme Damaged status Not for loan Home library Current library Shelving location Date acquired Total Checkouts Full call number Barcode Date last seen Copy number Price effective from Koha item type
    Dewey Decimal Classification     London London News article 20/12/2002   WB3847-33 120861-1001 06/08/2019 1 06/08/2019 Journal article